000
00272nam a2200121Ia 4500
008
170620s9999 xx 000 0 und d
100
_a
BARTHWAL-R.R
245
0
_a
INDUSTRIAL ECONOMICS
260
_b
NEW AGE
260
_c
2004
300
_a
544
546
_a
English
690
_a
INDUSTRIAL ECONOMICS
999
_c
30601
_d
30601